1936 1499 1104 1738 1198 1381 1855 1614 1624 1002 1462 1990 1402 1955 1399 1558 1191 1320 1232 1760 1348 1687 1646 1141 1418 1606 1721 1232 1643 1628 1620 1375 1242 1107 1753 1906 1007 1303 1894 1923 1588 1192 1124 1431 1611 1808 1244 1043 1879 1962 1017 1731 1460 1679 1479 1666 1129 1375 1281 1020 1866 1123 1011 1596 1317 1520 1425 1360 1286 1238 1640 1832 1762 1022 1014 1936 1871 1990 1225 1772 1143 1878 1543 1453 1277 1594 1596 1687 1634 1400 1752 1527 1395 1505 1102 1163 1570 1814 1280 BCNSPRNW ULIB Ver.6.0+V

เปลี่ยนเป็นภาษาไทย

Change to English
 แสดงรายละเอียดบรรณานุกรม
  กลับหน้าหลัก

Brief Record : Get Marc (ISO 2709) : E-mail record : QR code < ปิดหน้าต่าง
LEADER : 00000nam 2200000uu 4500
001    13399120579
003     ULIB
008    120927s2550||||th 000 0 tha d
020    ^a9789744659408
060 04 ^aWY100^bอ253ค
100 0  ^aอภิญญา เพียรพิจารณ์
245 10 ^aคู่มือปฏิบัติการพยาบาล ^nเล่ม 1 /^cอภิญญา เพียรพิจารณ์
250    ^aพิมพ์ครั้งที่ 2
260    ^aนนทบุรี :^bโครงการสวัสดิการวิชาการ สถาบันพระบรมราชชนก,^c2550
300    ^a195 หน้า :^bภาพประกอบ
504    ^aมีบรรณานุกรมและดัชนี
650  7 ^aการพยาบาล^vคู่มือ
710 2  ^aสถาบันพระบรมราชชนก. ^bโครงการสวัสดิการวิชาการ
945    ^p250^l0^i15006
945    ^p250^l0^i20236
995    ^aวิภา
999    ^aทศพร เกษรทอง
รายการนี้ยังไม่มีแท็ก
คุณยังไม่ได้ล็อกอิน คุณสามารถมีกิจกรรมร่วมกับเว็บไซต์ได้ แต่ต้องล็อกอินก่อน ::
  ล็อกอิน

รายการสื่อสารสนเทศ

ลำดับที่ ประเภท เลขเรียก/บาร์โค้ด สถานที่ สถานะ
1. Book การพยาบาล
Book การพยาบาล
WY100 อ253ค  
  Barcode: 15006
ห้องสมุดวิทยาเขตสวรรค์ประชารักษ์
►ส่วนจัดเก็บหนังสือเก่า สปร
บนชั้น
  ขอยืม
2. Book การพยาบาล
Book การพยาบาล
WY100 อ253ค ฉ.2 
  Barcode: 20236
ห้องสมุดวิทยาเขตนครสวรรค์
►หนังสือทั่วไป:l:General Books
บนชั้น

รายการใกล้เคียง
    ผู้แต่ง [อภิญญา เพียรพิจารณ์]

BibComment


ยังไม่เคยถูกคอมเมนท์

คอมเมนท์ทรัพยากรรายการนี้
  คอมเมนท์: คู่มือปฏิบัติการ..


 Copyright 2026. Bcnsprnw @Library